000 00366nam a2200145Ia 4500
008 230711s9999||||xx |||||||||||||| ||und||
041 _aENG
082 _a621
_bBI-M
100 _aBirkhoff,Garrett
245 0 _aModern applied algebra
250 _a1st Ed.
260 _c1970
_aNew Delhi
_bCBS Publishers & Distributors Pvt.Ltd
650 _aMathematics
942 _cBK
999 _c1373
_d1373